Welcome to CU Library Online Public Access Catalogue (OPAC)

Operations management (Record no. 4709)

MARC details
000 -LEADER
fixed length control field 00390nam a22001577a 4500
005 - DATE AND TIME OF LATEST TRANSACTION
control field 20250312121451.0
008 - FIXED-LENGTH DATA ELEMENTS--GENERAL INFORMATION
fixed length control field 250312b |||||||| |||| 00| 0 eng d
020 ## - INTERNATIONAL STANDARD BOOK NUMBER
International Standard Book Number 9780273626886
050 ## - LIBRARY OF CONGRESS CALL NUMBER
Classification number HD155
Item number OPE
245 ## - TITLE STATEMENT
Title Operations management
250 ## - EDITION STATEMENT
Edition statement 2nd
260 ## - PUBLICATION, DISTRIBUTION, ETC.
Place of publication, distribution, etc. London
Name of publisher, distributor, etc. Prentice-Hall
Date of publication, distribution, etc. c1998
300 ## - PHYSICAL DESCRIPTION
Extent xvii, 862p
700 ## - ADDED ENTRY--PERSONAL NAME
Personal name Slack, Nigel {et...,el}
942 ## - ADDED ENTRY ELEMENTS (KOHA)
Source of classification or shelving scheme Library of Congress Classification
Koha item type Books
Suppress in OPAC No
999 ## -
-- 4709
-- 4709
Holdings
Withdrawn status Lost status Source of classification or shelving scheme Damaged status Not for loan Collection Home library Current library Shelving location Date acquired Total checkouts Full call number Barcode Date last seen Copy number Price effective from Koha item type
    Library of Congress Classification     Non-fiction Undergraduate Library (Christ Temple) Undergraduate Library (Christ Temple) General stacks 03/12/2025   TS155 OPE ulct00001661 03/12/2025 1 03/12/2025 Books
© 2023-2024 Copyright: Central University Libraries. All Rights Reserved | Created by: Mahone Tech Office